000 00268nam a22001097a 4500
082 _a621.37 STU'E
100 _aSTUBBINGS, G. W
_940570
245 _aELECTRICAL TESTING FOR PRACTICAL ENGINEERS
260 _aLONDON
_bE & F. N SPON
_c1939
300 _a266P
942 _cBK
999 _c577329
_d577329